000
00298nam a22001337a 4500
008
171003b xxu||||| |||| 00| 0 eng d
020
_a
2900787945731
041
_a
eng
080
_a
159.9
100
_a
48
101
_a
PSI
245
_a
DEVELOPING ADULT LEARNES
_c
TAYLOR.K
942
_2
udc
_c
BK
999
_c
31379
_d
31379